00806nam a2200217Ia 450000500170000000800270001702000180004408200210006224501050008325000170018830000260020549000190023165000570025065100570030765100530036426400480041733600270046533700330049233800280052504000350055320220317000329.0141031s9999 ck 000 0 spa d a978958837578604a394.269861bS35v10aVírgenes, máscaras y tambores breligiosidad popular en el Caribe colombiano cEdgar Rey Sinning a1a edición a110 páginasc23 cm. aVoces de fuego142LEMBaFiestas religiosaszCaribe (región Colombia)14aCaribe (región Colombia)xVida social y costumbres14aCaribe (región Colombia)xReligiosidad popular aCartagena de Indias bPluma de Mompoxc2011 atextobtxt2rdacontent asin mediaciónbn2rdamedia avolumenbnc2rdacarrier aCO-BoRNBPbspaerdacCO-BoRNBP